Statistics for Dragon Ball Characters

Click here to take the quiz!

General Stats

  • This quiz has been taken 397 times
    (327 since last reset)
  • The average score is 87 of 193

Answer Stats

% Correct
Saiyan Raised on EarthGoku
99%
Killed by a Giant ApeGrandpa Gohan
96%
Invented the Dragon RadarBulma
95%
Future Female that is a Super GeniusFuture Bulma
95%
Future Half Saiyan that Loses an ArmFuture Gohan
94%
First Ever Super Saiyan 2Gohan
93%
Old Pervert Martial ArtistMaster Roshi
93%
Wants To Make Her Sons Into NerdsChichi
90%
Wolf Fang Fist!!!Yamcha
90%
Shape Shifting PigOolong
85%
Prince of all SaiyansVegeta
85%
Rival School's MasterMaster Shen
84%
Youngest to Achieve Super SaiyanGoten
83%
Born Without a NoseKrillin
83%
Alien EmperorFrieza
82%
Future Half Saiyan that Uses a SwordFuture Trunks
82%
MajinMajin Buu
82%
Male Android With Black HairAndroid 17
81%
Female Android With Blonde HairAndroid 18
81%
Strongest NamekianPiccolo
81%
Sole Purpose Was to Kill GokuAndroid 16
80%
Earth DragonShenron
80%
Three EyesTien Shinhan
80%
Half SaiyanTrunks
80%
The Perfect AndroidCell
79%
Creator of the AndroidsDr. Gero
78%
Shape Shifting CatPuar
77%
Fat Albino AndroidAndroid 19
75%
Potara FusionVegito
75%
Pet DogBee
74%
Martial Artist that Lives on a Small PlanetKing Kai
74%
FusionGotenks
72%
Female Quarter SaiyanPan
72%
World Champ's DaughterVidel
72%
Bald SaiyanNappa
71%
GodBeerus
70%
Guardian of the EarthKami
70%
King of Fire MountainOx King
70%
AngelWhis
70%
King of all SaiyansKing Vegeta
69%
World's Best Martial ArtistMr. Satan
69%
Current Guardian of the EarthDende
66%
Saiyan That Needs a HaircutRaditz
66%
Has the Ability to Swap BodiesCaptain Ginyu
65%
Provides Senzu BeansKorin
65%
Future Half Saiyan's Love IntrestFuture Mai
64%
Blue Imp's Female UnderlingAgent Mai
63%
Highest Ranking KaiSupreme Kai
63%
Frankenstein AndroidAndroid 8
61%
Female Half SaiyanBulla
61%
Trapped in the Z-SwordElder Kai
61%
Future Omni KingFuture Zen-Oh
60%
Evil NamekianKing Piccolo
60%
Warrior NamekianNail
60%
Omni King / Future Omni KingZen-Oh
60%
Discovered a Way for Saiyans to Transform Without the MoonBardock
59%
Universe 6 GodChampa
59%
Universe 6 AssassinHit
59%
Blue ImpEmperor Pilaf
58%
Very Old and SlowTurtle
58%
Lives on a Tower With a CatYajirobe
57%
Evil KaiZamasu / Goku Black
57%
Demon KingDabura
56%
Pride TrooperJiren
56%
Alien WizardBabidi
55%
Australian Accented AlienJeice
55%
Achoo!Launch
55%
Judges the DeadGreat King Yemma
54%
Alien Conqueror's FatherKing Cold
54%
Universe 6 AngelVados
54%
Killed by A TongueGeneral Blue
53%
Female SaiyanKale
53%
Namekian DragonPorunga
53%
A Strong Dumb BruteRecoome
53%
Ugly Pink UnderlingDodoria
52%
Above's PartnerKibito
52%
Travels on Flying PillarsMercenary Tao
52%
Pretty Boy UnderlingZarbon
52%
Speedy Blue AlienBurter
51%
Female SaiyanCaulifla
51%
Freezes Time Holding His BreathGuldo
51%
Universe 6 SaiyanCabba
50%
Foresees The FutureFortune Teller Baba
50%
Android's Human DaughterMarron
50%
Prince of Saiyan's Brother (Cannon?)Tarble
50%
Reincarnated VillainUub
50%
Albino MidgetChiaotzu
49%
Red Ribbon Army CommanderCommander Red
49%
Galactic Patrol ManJaco
49%
KaiWest Kai
49%
Alien Wizard's FatherBibidi
48%
Other World MonkeyBubbles
48%
KaiEast Kai
48%
Very Old NamekianGrand Elder Guru
48%
???Mr. Popo
48%
KaiSouth Kai
48%
Pride TrooperToppo
48%
Universe 6 TyrantFrost
45%
First to Achieve ImmortalityGarlic Junior
44%
Blue Imp's Dog UnderlingShu
44%
Female Saiyan MotherGine
43%
Universe 6 FusionKefla
43%
Invented DynocapsDr. Briefs
42%
Other World CricketGregory
41%
Red Ribbon Army Staff OfficerStaff Officer Black
41%
Weak Alien MinionAppule
40%
Alien Found in Wizard's ShipPui Pui
40%
Evil Spawns of It's HostCell Junior
39%
General Stationed at Muscle TowerGeneral White
39%
Indian Martial ArtistNam
39%
Turns You Into CarrotsMonster Carrot
38%
Wizard's Human Pawn in the TournamentSpopovich
37%
Potara FusionKibito Kai
36%
Alien / Other WorldPikkon
36%
Over Confident AlienCui
35%
KaiGrand Kai
35%
Most Powerful DragonSuper Shenron
35%
Red Ribbon Army ColonelColonel Silver
34%
Scatter Brained WifeMrs. Briefs
34%
Alien Found in Wizard's ShipYakon
34%
Pride TrooperDyspo
33%
Bimbo GirlfriendMaron
33%
AngelGreat Priest
32%
Wizard's Human Pawn in the TournamentYamu
32%
Evil PlantSaibamen
31%
Evil Kai's TeacherGowasu
30%
NinjaMurasaki
30%
Mutant NamekianTambourine
30%
Android Cross Over CharacterArale
29%
Opposite of WerewolfMan Wolf
27%
Evil Serpent On Snake WayPrincess Snake
27%
Native American ChildUpa
27%
Very Gross Martial ArtistBacterian
26%
Female Colonel of the Red Ribbon ArmyColonel Violet
26%
Motivation for GokuMonaka
26%
Native American ManBora
25%
Captain Stationed In Korin ValleyCaptain Yellow
25%
Dinosaur Pet that Flew to Close to the SunIcarus
25%
Two Kids Impersonate Him in the TournamentMighty Mask
25%
Spice BoysSalt
25%
Can't Be SeenSee Through The Invisible Man
25%
Grand Elder's ReplacementMoori
24%
The Briefs' Other DaughterTights
24%
Sleeps In A SarcophagusBandages The Mummy
23%
Mutant NamekianDrum
23%
Orange Star High School FemaleErasa
22%
Capable of Making Evil People ExplodeSpike The Devil Man
22%
Pterodactyl Martial ArtistGiran
21%
Mutant NamekianPiano
21%
Weak Female Martial ArtistRanfan
21%
Universe 6 AndroidBotamo
20%
VampireFangs / Dracula
20%
A Previous Tournament ChampionKing Chappa
20%
Spice BoysMustard
20%
Spice BoysSpice
20%
Spice BoysVinegar
20%
Counts to 10 Very SlowlyWorld Martial Arts Announcer
20%
Ogre Residing in HellGoz
19%
Possessed NerdHero
19%
Ogre Residing in HellMez
19%
Position at The Other World TournamentOther World Announcer
19%
King of EarthKing Furry
18%
Master of Another MasterMaster Mutaito
18%
Small Black KittenScratch
18%
Orange Star High School MaleSharpner
18%
Universe 9 WarriorBasil
17%
Universe 9 WarriorBergamo
16%
The Above's BrotherCargo
16%
Universe 9 WarriorLavender
16%
Lives in a Snowy VillageSnow
16%
Universe 2 WarriorBrianne de Chateau / Ribrianne
15%
Muscle Tower MonsterBuyon
15%
Mutant NamekianCymbal
15%
Android Inspired by the TerminatorMajor Metallitron
15%
Movie Star Martial ArtistPamput
15%
A Weak Blonde Martial ArtistJewel
14%
Human / Other WorldOlibu
14%
A Weak Black Martial ArtistKilla
13%
Human Cross Over CharacterDr. Slump
12%
Created the Super DragonZalama
12%
Pride TrooperKahseral
9%
A Weak Martial Artist, Designed like a GeniePintar
9%
AlienSorbet
9%
A Brat Martial ArtistIkose
7%
The Super Saiyan of LegendYamoshi
7%
A Brat Martial ArtistIdasa
6%
Universe 6 NamekianSaonel
6%
AlienTagoma
6%
Universe 3's Ultimate FusionAniraza
5%
Universe 6 NamekianPirina
5%
Universe 3 WarriorPaparoni
4%
AlienShisami
3%
Universe 3 Megazord Like FusionKoichiarator
1%

Score Distribution

Percentile by Number Answered

Percent of People with Each Score

Your Score History

You have not taken this quiz since the last reset